1294 1234 1714 1058 1175 1697 1477 1300 1431 1129 1659 1994 1567 1302 1069 1929 1492 1137 1657 1819 1931 1802 1576 1397 1820 1884 1380 1075 1972 1061 1103 1405 1153 1801 1737 1642 1135 1074 1547 1718 1998 1845 1479 1325 1297 1492 1377 1996 1439 1341 1416 1844 1428 1263 1389 1342 1583 1765 1106 1513 1476 1805 1902 1384 1596 1516 1708 1565 1278 1110 1810 1054 1639 1454 1909 1149 1972 1238 1754 1212 1347 1362 1088 1191 1757 1033 1754 1959 1907 1138 1380 1200 1241 1223 1060 1345 1165 1463 1635 BCNSPRNW ULIB Ver.6.0+V

เปลี่ยนเป็นภาษาไทย

Change to English
 แสดงรายละเอียดบรรณานุกรม
  กลับหน้าหลัก

Brief Record : Get Marc (ISO 2709) : E-mail record : QR code < ปิดหน้าต่าง
LEADER : 00000nam 2200000uu 4500
001    13399111386
003     ULIB
008    110623s||||||||th 000 0 tha d
020    9786117042065
050  4 BQ893^bก111ล 2552
100 0  ก.วชิรปัญโญ
245 10 ลมหายใจสุดท้าย--ของพระพุทธเจ้า /^cก.วชิรปัญโญ
246 30 ลมหายใจสุดท้าย...ของพระพุทธเจ้า
260    กรุงเทพฯ :^bปราชญ์,^c2552
300    176 หน้า ;^c21 ซม.
650  7 พระพุทธเจ้า
650  7 พุทธศาสนา
945    ^p145^l0^i026494
995    ทศพร
999 ^a ใช้งานได้ทุกระบบ
รายการนี้ยังไม่มีแท็ก
คุณยังไม่ได้ล็อกอิน คุณสามารถมีกิจกรรมร่วมกับเว็บไซต์ได้ แต่ต้องล็อกอินก่อน ::
  ล็อกอิน

รายการสื่อสารสนเทศ

ลำดับที่ ประเภท เลขเรียก/บาร์โค้ด สถานที่ สถานะ
- ไม่พบข้อมูล -

รายการใกล้เคียง
    ผู้แต่ง [ก.วชิรปัญโญ]

    หัวเรื่อง [พระพุทธเจ้า]
    หัวเรื่อง [พุทธศาสนา]

BibComment


ยังไม่เคยถูกคอมเมนท์

คอมเมนท์ทรัพยากรรายการนี้
  คอมเมนท์: ลมหายใจสุดท้ายของ..


 Copyright 2026. Bcnsprnw @Library